000 00587nam a2200169Ia 4500
008 240729s9999 xx 000 0 und d
022 _a2747-173X
245 0 _aComputational and Experimental Research in Materials and Renewable Energy
260 _aIndonesia
260 _bPhysics Department, Faculty of Mathematics and Natural Sciences University of Jember
650 _a Mechanical engineering and machinery
650 _a Renewable energy sources
650 _aTechnology
856 _uhttps://doaj.org/toc/00087d1be705481c92efc11a6dc42b80
942 _2ddc
942 _cDOAJEJ
999 _c68869
_d68869
945 _a1
_bMadushi Gamage
_c1
_dMadushi Gamage